Alerta, amantes / (Record no. 132259)

MARC details
000 -LEADER
campo de control de longitud fija 00595nam a2200193 4500
001 - NÚMERO DE CONTROL
campo de control 132259
003 - IDENTIFICADOR DE NÚMERO DE CONTROL
campo de control ES-MaACL
005 - FECHA Y HORA DE LA ÚLTIMA TRANSACCIÓN
campo de control 20240530062939.0
007 - CAMPO FIJO DE DESCRIPCIÓN FÍSICA--INFORMACIÓN GENERAL
campo de control de longitud fija t|
008 - DATOS DE LONGITUD FIJA--INFORMACIÓN GENERAL
campo de control de longitud fija 070214s1977 sp r ||||1| spa d
100 0# - ENTRADA PRINCIPAL--NOMBRE DE PERSONA
Nombre de persona Roldán, Mariano,
Fechas asociadas al nombre 1932-2019
9 (RLIN) 99139
245 10 - MENCIÓN DEL TÍTULO
Título Alerta, amantes /
Mención de responsabilidad, etc. Mariano Roldán.
260 ## - PUBLICACIÓN, DISTRIBUCIÓN, ETC.
Lugar de publicación, distribución, etc. Madrid :
Nombre del editor, distribuidor, etc. [s.n.],
Fecha de publicación, distribución, etc. 1977 (
Fabricante Gráf. Uguina)
300 ## - DESCRIPCIÓN FÍSICA
Extensión 33 p. ;
Dimensiones 20 cm.
490 1# - MENCIÓN DE SERIE
Mención de serie Cuadernos aldonza de poesía ;
Designación de volumen o secuencia 1
830 0# - PUNTO DE ACCESO ADICIONAL DE SERIE-TÍTULO UNIFORME
Título uniforme Cuadernos aldonza de poesía ;
Designación de volumen o secuencia 1
9 (RLIN) 219642
852 ## - LOCALIZACIÓN
Ubicación ES-MaACL
Número de control de estantería 2093-F-13
Sublocalización o colección R.96128
Holdings
Estatus retirado Estado de pérdida Estado de daño No para préstamo Colección Biblioteca de origen Biblioteca actual Ubicación en estantería Fecha de adquisición Fuente de adquisición Total de préstamos Signatura topográfica completa Código de barras Visto por última vez Precio de reemplazo Tipo de ítem Koha
        Colección de folletos Biblioteca del Ateneo de Madrid Biblioteca del Ateneo de Madrid Depósito folletos 17/01/2008     2093-F-13 1137694 23/02/2023 23/02/2023 Folleto